000 00647nam a2200217 4500
003 OSt
005 20240621024446.0
006 a
008 240621b |||||||| |||| 00| 0 eng d
020 _a9780696235429
040 _aDWCL-Main lib.
_cOC
082 _2First edition
_aCirc. 696.1 B562 2007
245 _aBetter homes and gardens : Plumbing /
250 _aFirst edition
260 _aDes Moines, Iowa :
_bMeridith Books,
_cc2007.
300 _b143 p. : col. ill. ;
_c28 cm.
504 _aIncludes index.
650 _a1. Plumbing-Handbooks, Manuals, etc.
700 _aLarry Johnston
942 _2ddc
_n0
_cBK-CIRC
_eFirst edition
_kCirc.
999 _c1053
_d1053